| 000 | 00875nam a2200241Ia 4500 | ||
|---|---|---|---|
| 001 | 8766 | ||
| 003 | GE_BSU | ||
| 008 | 181216s||||||||xx |||||||||||||| ||und|| | ||
| 040 | _cGE_BSU | ||
| 080 | _a82-93 | ||
| 100 | _aინანიშვილი, რევაზ | ||
| 245 | _aბიბო | ||
| 245 | _bმოთხრობები | ||
| 245 | _cრედ. ლოლა ქადაგიშვილი, მხატვ. ოთარ მეგრელაძე | ||
| 250 | _aუმცროსი სასკოლო ასაკის ბავშვთათვის (ცეროდენსა ბიბლიოთეკა) | ||
| 260 | _aთბილისი | ||
| 260 | _bნაკადული | ||
| 260 | _c1987 | ||
| 300 | _a12გვ. ილ. 20სმ. | ||
| 653 | _aბიბო | ||
| 653 | _aმოთხრობები | ||
| 942 | _cBK | ||
| 999 |
_c42076 _d42076 |
||